| 000 | 00510nam a22001937a 4500 | ||
|---|---|---|---|
| 003 | NUST - PNEC | ||
| 005 | 20170116180818.0 | ||
| 008 | 150611b xxu||||| |||| 00| 0 eng d | ||
| 020 | _a9788131806265 | ||
| 040 | _cLIBRARY | ||
| 082 | _a510 GAN | ||
| 100 |
_93862 _aGandhi, C.P. |
||
| 245 |
_aSolutions to Engineering Mathematics: v. 1 _cC.P. Gandhi |
||
| 250 | _a- | ||
| 260 |
_aNew Delhi _bLaxmi Publications _cc2009. |
||
| 300 | _a781 p. : | ||
| 650 |
_93863 _aMathematics _xGeneral |
||
| 942 |
_2ddc _cBK |
||
| 999 |
_c63615 _d63615 |
||